Catálogo
 En Linea

La novelistica de Manuel Zeno Gandia / (Registro nro. 2653)

Detalles MARC
000 -CABECERA
campo de control de longitud fija 00766cam a2200205 a 4500
001 - NÚMERO DE CONTROL
campo de control 000002819
005 - FECHA Y HORA DE LA ÚLTIMA TRANSACCIÓN
campo de control 20200929150250.0
008 - DATOS DE LONGITUD FIJA--INFORMACIÓN GENERAL
campo de control de longitud fija 870217s1996 pr b 001 f spa
020 ## - NÚMERO INTERNACIONAL ESTÁNDAR DEL LIBRO
Número Internacional Estándar del Libro 086581404X
040 ## - FUENTE DE LA CATALOGACIÓN
Centro catalogador/agencia de origen DO-SdBNP
Centro/agencia transcriptor DLC
Centro/agencia modificador DLC
082 ## - NÚMERO DE LA CLASIFICACIÓN DECIMAL DEWEY
Número de clasificación 928.7295
Número de documento/Ítem Z55S
100 1# - ENTRADA PRINCIPAL--NOMBRE DE PERSONA
Nombre de persona Sánchez de Silva, Arlyn.
9 (RLIN) 8912
245 13 - MENCIÓN DE TÍTULO
Título La novelistica de Manuel Zeno Gandia /
Mención de responsabilidad, etc. Arlyn Sánchez de Silva.
246 3# - FORMA VARIANTE DE TÍTULO
Título propio/Titulo breve Manuel Zeno Gandia
260 ## - PUBLICACIÓN, DISTRIBUCIÓN, ETC.
Lugar de publicación, distribución, etc. San Juan de P.R. :
Nombre del editor, distribuidor, etc. Instituto de Cultura Puertorriqueña, Programa de Publicaciones y Grabaciones,
Fecha de publicación, distribución, etc. 1996.
300 ## - DESCRIPCIÓN FÍSICA
Extensión vi, 131 p. ;
Dimensiones 21 cm.
504 ## - NOTA DE BIBLIOGRAFÍA, ETC.
Nota de bibliografía, etc. Incluye referencias bibliográficas (p. 128-131).
600 14 - PUNTO DE ACCESO ADICIONAL DE MATERIA--NOMBRE DE PERSONA
Nombre de persona Zeno Gandia, Manuel,
Fechas asociadas al nombre 1855-1930
Subdivisión general CRÍTICA E INTERPRETACIÓN
9 (RLIN) 8913
910 ## - DATOS DE OPCIÓN DEL USUARIO (OCLC)
Datos de opción del usuario Catalogación por copia / LC
Existencias
Estado de retiro Estado de pérdida Restricciones de uso No para préstamo Código de colección Localización permanente Ubicación/localización actual Ubicación en estantería Fecha de adquisición Número de inventario Total de préstamos Signatura topográfica completa Código de barras Fecha visto por última vez Precio válido a partir de Tipo de ítem Koha
    Préstamo interno   Monografías: Libros y Folletos General General En catalogación 03.07.2009 LF1   928.7295 Z55S 2819-10 25.06.2020 25.06.2020 Préstamo interno

Con tecnología Koha